| 000 | 00801nam a2200217 i 4500 | ||
|---|---|---|---|
| 001 | bg | ||
| 100 | 1 | _aSZASTAK, Waldemar | |
| 245 | 1 | 0 |
_aFremdes Wienerisch : _bFremdwörterbuch von Acheln bis Toches : semantische Integration fremdsprachigen Wortschatzes im wiener Dialekt / _cWaldemar Szastak. |
| 260 |
_aZielona Góra : _bOficyna Wydawnicza Uniwersytetu Zielonogórskiego, _c2004. |
||
| 300 |
_a159, [1] s. ; _c21 cm. |
||
| 504 | _aBibliogr. | ||
| 650 | 9 |
_aJęzyk niemiecki _xdialekty i regionalizmy |
|
| 020 | _a8389712075 | ||
| 040 | _cBPK | ||
| 041 | 0 | _ager | |
| 080 | _a811.112.2'282(436) | ||
| 920 | _a83-89712-07-5 | ||
| 942 | _cKS | ||
| 008 | s pl f |000 0 pol | ||
| 999 |
_c45101 _d45101 |
||